| 000 | 01265nam a2200265 a 4500 | ||
|---|---|---|---|
| 001 | 000044393 | ||
| 003 | DO-SdBNP | ||
| 005 | 20160920150638.0 | ||
| 007 | 000044393 | ||
| 008 | 140627s2009 dr a 000 0 spa d | ||
| 040 |
_aBPMET _bspa _cBPMET |
||
| 092 |
_axxxx _bxxxx |
||
| 100 | _4León, María Amalia | ||
| 245 | 0 | 0 |
_aCuentos de la reserva de la biósfera : _bJaragua, Bahoruco, Enriquillo / _cMaría Amalia León; María Teresa Ruiz de Catrain; Natacha Calderón Cabral ; ilustraciones Tania Marmolejo. |
| 260 |
_aSanto Domingo : _bPropagas, _c2009. |
||
| 300 |
_a[32, 36, 36] p. : _bil. + CD ; _c21 cm. |
||
| 505 | 0 |
_tCuando el viento habla- / _rMaría Amalia León _t¡Es la tierra más hermosa que ojos jamás hayan visto! _rMaría Teresa Ruiz de Catrain / _tTambor y misterio al pié del guayacan / _rNatacha Calderón Cabral |
|
| 563 | _aTres obras publicadas juntas con paginación independientes | ||
| 700 | 1 | 2 |
_aCuando el viento habla... _tLeón, María Amalia |
| 700 | 1 | 2 |
_aRuiz de Catrain, María Teresa _t¡Es la tierra más hermosa que ojos jamás hayan visto! |
| 700 | 1 | 2 |
_aCalderón Cabral, Natacha _tTambor y misterio al pié del guayacan |
| 700 | 1 |
_aMarmolejo, Tania _eil. |
|
| 942 |
_2ddc _cBK |
||
| 956 |
_aVMATEO _b10 _c20150520 _lBPMSU _h0069 |
||
| 999 |
_c7300 _d7300 |
||